Finančný prenájom u nájomcu v Slovenskej republike, Českej republike vo vzťahu k Medzinárodným účtovným štandardom diplomová práca

Guardado en:
Detalles Bibliográficos
Autor principal: Mačeková, Ivana
Autor Corporativo: Podnikovohospodárska fakulta EU so sídlom v Košiciach. Katedra účtovníctva a financií
Otros Autores: Manová, Eva, 1957-
Formato: Libro
Lenguaje:eslovaco
Publicado: Košice 2009
Etiquetas: Agregar Etiqueta
Sin Etiquetas, Sea el primero en etiquetar este registro!

MARC

LEADER 00000nam$a2200000$$$4500
001 0098652
005 20240320074946.3
041 0 |a slo 
044 |a SK 
245 1 0 |a Finančný prenájom u nájomcu v Slovenskej republike, Českej republike vo vzťahu k Medzinárodným účtovným štandardom  |b diplomová práca  |c Ivana Mačeková ; škol. Eva Manová 
264 1 |a Košice  |c 2009 
300 |a 86 s. 
100 1 |a Mačeková, Ivana 
700 1 |a Manová, Eva, 1957- 
710 2 |a Podnikovohospodárska fakulta EU so sídlom v Košiciach. Katedra účtovníctva a financií